Буремний перевал (Запис № 17764)

000 -Маркер запису
Контрольне поле сталої довжини 01821nam a22002657a 4500
003 - Належність контрольного номера
Контрольне поле Uzh_bibl
008 - Кодовані дані
Контрольне поле сталої довжини 260514b |||||||| |||| 00| 0 ukr d
020 ## - Індекс ISBN
ISBN 978-617-07-0573-0
Ціна 50.40
040 ## - Джерело каталогіз.
Код мови каталог. укр.
041 ## - Код мови видання
Код мови оригіналу англійська
Код мови тексту українська
080 ## - Індекс УДК
Індекс УДК 821(410)
090 ## - Шифри
Поличний індекс 821(410)
Авторський знак Б 88
100 ## - Автор
Автор Бронте,Емілі
245 ## - Назва
Назва Буремний перевал
Відповідальність пер.з англ. Елли Євтушенко
Фізичний носій Текст
260 ## - Вихідні дані
Місце видання Київ
Видавництво Знання
Дата видання 2018
300 ## - Фізичний опис
Обсяг 414 с.
Тип одиниці В опр.
490 ## - Серія
Назва серії Серія "ENGLISH LIBRARY"
520 ## - Анотація
Анотація "Буремний перевал"-єдиний роман відомої англійської письменниці Емілі Бронте (1818-1848) написаний нею у віці 29 років,що назавжди увійшов у скарбницю світової літератури,був неодноразово екранізований і включений мало не до всіх списків кращих та рекомендованих книг. Історія життя та кохання Хіткліффа і Кетрін -сильних духом,емоційних особистостей,здатних до рішучих вчинків,полонить і вражає шквалом пристрастей.Однак на розтривоженого буремними подіями читача чекають незабутні враження та щасливий кінець.
521 ## - Примітка про цільове призначення
Примітка про цільове призначення Для широкого кола читачів
546 ## - Примітка про мову
Примітка про мову укр.
650 ## - Тематичні рубрики
Основна рубрика Літературно-художнє видання
653 ## - Ключові слова
Ключові слова Історія життя
-- Шквал пристрастей
-- Відносини
655 ## - Термін індексування — жанр/форма
Жанр/форма Проза
Типове ділення Роман
942 ## - ADDED ENTRY ELEMENTS (KOHA)
Джерело класифікації чи схема поличного розташування
Koha item type Книги
Фонди
Статус вилучення Статус втрати/відсутності Джерело класифікації чи схема поличного розташування Статус пошкодження Тип обігу (не для випозичання) Постійне розташування Поточне розташування Розташування у відділі Дата надходження Інвентарний номер Total Checkouts Повний (примірниковий) шифр зберігання Штрих-код Date last seen Дата, для якої чинна ціна заміни Тип одиниці (рівень примірника)
          Бібліотека-філія №3 Бібліотека-філія №3 Абонемент старший відділ 14/05/2026 70755   821(410) 4224 14/05/2026 14/05/2026 Книги

Працює на АБІС Коха